|
|
|
|
| LEADER |
00000nam a2200000Ii 4500 |
| 001 |
DIGLKG0476 |
| 003 |
NyNyDIG |
| 006 |
m o d |
| 007 |
cr ||||||||||| |
| 008 |
221207s2016 sp o 000 ddspa d |
| 035 |
|
|
|a (OCoLC)1356297358
|
| 040 |
|
|
|a DGITA
|b eng
|e rda
|e pn
|c DGITA
|
| 020 |
|
|
|a 9788498979336
|q ebook
|
| 020 |
|
|
|z 9788498163070
|q rústica
|
| 020 |
|
|
|z 9788499534930
|q cartoné
|
| 050 |
1 |
4 |
|a PQ6431.R8 ebook
|
| 082 |
0 |
4 |
|a 862.3
|
| 100 |
1 |
|
|a Ruiz de Alarcón, Juan,
|d 1580?-1639,
|e author.
|
| 245 |
1 |
4 |
|a Los favores del mundo /
|c Juan Ruiz de Alarcón.
|
| 264 |
|
1 |
|a Barcelona :
|b Red ediciones S.L.,
|c 2016.
|
| 300 |
|
|
|a 1 online resource.
|
| 336 |
|
|
|a text
|b txt
|2 rdacontent
|
| 337 |
|
|
|a computer
|b c
|2 rdamedia
|
| 338 |
|
|
|a online resource
|b cr
|2 rdacarrier
|
| 347 |
|
|
|a text file
|2 rdaft
|
| 347 |
|
|
|b PDF
|
| 490 |
1 |
|
|a Linkgua teatro ;
|v 357
|
| 500 |
|
|
|a "www.linkgua-digital.com"--Cover.
|
| 588 |
0 |
|
|a Online resource; title from PDF title page (Digitalia, viewed December 7, 2022)
|
| 655 |
|
7 |
|a Drama.
|2 lcgft
|
| 791 |
2 |
|
|a Digitalia (Firm),
|e distributor.
|
| 793 |
0 |
|
|g Digitalia eBook Collection:
|a Linkgua
|
| 776 |
0 |
8 |
|i Print version:
|a Ruiz de Alarcón, Juan, 1580?-1639.
|t Los favores del mundo.
|d Barcelona : Red ediciones S.L., 2016
|z 9788498163070
|
| 830 |
|
0 |
|a Linkgua teatro ;
|v 357.
|
| 856 |
4 |
0 |
|3 Digitalia Hispánica
|u https://www.digitaliapublishing.com/a/16195/
|
| 910 |
|
|
|a Premium collection: 2022
|